000 00354nam a2200145Ia 4500
008 230312s9999||||xx |||||||||||||| ||und||
020 _a0-443-03060-X
082 _a616.075
_bDIX-I
100 _aDixon;Lloyd,D
245 0 _aIntroduction To Clinical Imaging
260 _bLongman
_aUK
_c1988
300 _a312
650 _aMedical
_vRadiology
942 _cBK
999 _c2916
_d2916